| 000 | 00550nam a22002177a 4500 | ||
|---|---|---|---|
| 003 | OSt | ||
| 005 | 20140311161021.0 | ||
| 008 | 130301t xxu||||| |||| 00| 0 eng d | ||
| 020 | _a9789710090501 | ||
| 050 |
_aHQ536 _b.C435 2008 |
||
| 082 |
_aFIL 242.8 _bC466 2008 |
||
| 245 |
_aThe Family You've Always Wanted _cChapman, Gary |
||
| 260 |
_aChicago _bMoody Publishers _c2008 |
||
| 300 |
_a232p. _c22cm |
||
| 521 | _aCollege | ||
| 526 | _c1210L-1700L | ||
| 541 | _j1 | ||
| 541 | _j2 | ||
| 562 | _e2 | ||
| 942 |
_2lcc _cBK _kFIL |
||
| 999 |
_c18727 _d18727 |
||